000 00722nam a2200241 4500
003 OSt
005 20211210100754.0
008 s2003 fr fre u
020 _a203520223X
020 _a2035202272
020 _a9782035202239
020 _a9782035202277
040 _aLB-BrCRDP
082 1 _a030
_bLAR.
100 1 _aLarousse
245 1 0 _aThéma Encyclopédie Larousse Arts et Culture
_bVolume 4 Littérature, Beaux-Arts, Musique, Cinéma, Danse, Médias
_cLarousse
260 _aParis
_bLarousse
_c2003
300 _a567 p.
_c22*29 cm.
490 0 _aThéma
650 _aEncyclopédies et dictionnaires français.
942 _cBK
_2ddc
999 _c6526
_d6526